000
00185nam a22000857a 4500
008
170111b xxu||||| |||| 00| 0 eng d
100
_9
2330
_a
NCERT
245
_a
Atlas-VI
260
_b
HFI
_c
2010
999
_c
5268
_d
5268